Dekrety sovetskoj vlasti. Tom 3. : 11 ijuľa - 9 nojabria 1918 g.

Uložené v:
Podrobná bibliografia
Médium: Kniha
Jazyk:Russian
Vydané: Moskva : Politizdat, 1964.
Fyzický popis: 663 strán.
Tagy: Pridať tag
Žiadne tagy, Buďte prvý kto otaguje tento záznam!

MARC

LEADER 00000nam a22000002i 4500
001 000648317
005 20201104161938.0
008 201104s1964 ru e 000 0 rus d
020 |c Kčs 12,00  |q (viazané) 
040 |a SVKKK  |b slo  |c SVKKK  |e rda 
245 0 0 |a Dekrety sovetskoj vlasti. Tom 3. : 11 ijuľa - 9 nojabria 1918 g. 
264 1 |a Moskva :  |b Politizdat,  |c 1964. 
300 |a 663 strán. 
336 |a text  |b txt  |2 rdacontent 
337 |a bez média  |b n  |2 rdamedia 
338 |a zväzok  |b nc  |2 rdacarrier 
500 |a Záznam revízie 
910 |a svkkk 
998 |a BK 
090 |g SCKHL  |k Sklad Pribinova 2. posch.  |a III.89016  |j 331697  |i 2720752391  |4 Zastaraná  |s Vyradená